000 00631nam a22001697a 4500
008 150612b xxu||||| |||| 00| 0 eng d
020 _a1893207110
082 _a707.45
_bC555r
100 _aAbraham David Christian; Arq Gabriel Peluffo;
_93105
110 _aMuseo Municipal de Bellas Artes Juan Manuel Blandes.
_93106
245 _aAbraham David Christian - Rio Grande
_cAbraham David Christian; Arq Gabriel Peluffo
260 _aTanger
_bEd. d'Afrique du Nord
_c2000
300 _a72 p.
_bill.
_c24 cm
600 _a Christian, Abraham David
_xCatálogo-Exhibiciones
_93107
650 _2Arte Moderno
700 _aGabriel Peluffo;
_93108
999 _c691
_d691